Codes postaux par centaines : villes de la région Alsace - Statistiques

Statistiques générales
  • Ce quiz a été pris 223 fois
  • Le résultat moyen est 8 sur 15
Statistiques - réponses
Département Code postal Ville % Correct
Bas-Rhin 67000 Strasbourg
99%
Haut-Rhin 68000 Colmar
96%
Haut-Rhin 68100 Mulhouse
95%
Bas-Rhin 67600 Sélestat
76%
Bas-Rhin 67500 Haguenau
72%
Bas-Rhin 67700 Saverne
63%
Haut-Rhin 68300 Saint-Louis
59%
Bas-Rhin 67400 Illkirch-Graffenstaden
49%
Bas-Rhin 67300 Schiltigheim
48%
Haut-Rhin 68800 Thann
40%
Haut-Rhin 68500 Guebwiller
37%
Haut-Rhin 68700 Cernay
32%
Bas-Rhin 67800 Bischheim
24%
Haut-Rhin 68400 Riedisheim
14%
Haut-Rhin 68600 Volgelsheim / Biesheim
5%
Aucun quiz correspondant
Distribution des résultats
% des personnes avec chaque résultat
Percentile par nombre de réponses
Votre historique - résultats
Vous n’avez pas pris ce quiz